000 01006nam a22002297a 4500
999 _c168875
_d168875
005 20191030154208.0
010 _aB-730640
020 _c295.00
_a9788170435242
035 _aB-730640
037 _bडी.बी.ए.डी./ उपहार
082 _a523.2
100 _aयादव, हरीश
245 _aऐसा है हमारा सौरमंडल /
_cहरीश यादव
260 _aदिल्ली
_bआत्माराम एण्ड संस
_c2017
270 _a1376, कश्मीरी गेट
_bदिल्ली
_e110006
_k011-23946466, 23973082
300 _a48पृ
_c24सेमी (सजिल्द)
_bसचित्र
650 _aScience
_xEncuclopedia
650 _aविज्ञान
_xविश्वकोश
700 _938454
942 _adpl
_cCH
_2ddc
_h523.2
_mयादव